| 000 | 00468cam a2200181ua 4500 | ||
|---|---|---|---|
| 020 | _c1.75 | ||
| 041 |
_amal _h |
||
| 082 |
_a928.94812 _bsiv/en |
||
| 100 | _aSivasankara Pillai, Thakazhi. | ||
| 245 |
_aEnte Vakeel jeevitham / _cThakazhi. _hTextual Documents |
||
| 260 |
_aKottayam : _bSahitya Pravarthaka Co-operative Society , _c1962. |
||
| 300 | _a132 ; . | ||
| 365 | _a1.75 | ||
| 504 | _a | ||
| 942 | _cBK | ||
| 999 |
_c4101 _d4101 |
||